Yüklüyor......
CYTOLOGICAL AND MORPHOLOGICAL EFFECTS INDUCED BY PHYSICAL AND CHEMICAL MUTAGENS IN SUNFLOWER - THESIS
| Yazar: | |
|---|---|
| Materyal Türü: | Printed Book |
| Baskı/Yayın Bilgisi: |
THIRUVANANTHAPURAM
DEPT OF BOTANY, UNIVERSITY OF KERALA
1987
|
| Konular: |
| LEADER | 00604nam a2200205 4500 | ||
|---|---|---|---|
| 020 | |||
| 037 | |||
| 082 | |a 583.99 SIM | ||
| 100 | |a SIMON,Aleyamma | ||
| 245 | |a CYTOLOGICAL AND MORPHOLOGICAL EFFECTS INDUCED BY PHYSICAL AND CHEMICAL MUTAGENS IN SUNFLOWER - THESIS |h English | ||
| 250 | |||
| 260 | |a THIRUVANANTHAPURAM |b DEPT OF BOTANY, UNIVERSITY OF KERALA |c 1987 | ||
| 300 | |a 354 |f HB | ||
| 500 | |||
| 590 | |||
| 630 | |||
| 650 | |a SUNFLOWER | ||
| 942 | |c REF | ||
| 999 | |c 171158 |d 171158 | ||
| 952 | |0 0 |1 0 |4 0 |6 583_990000000000000_SIM |7 0 |9 184591 |a BOT |b BOT |l 0 |o 583.99 SIM |p BOT6277 |r 2019-10-25 |w 2019-10-25 |y REF | ||